LEADER 01028cam0 22002891 450 001 SOBE00027649 005 20120928104306.0 100 $a20120928d1979 |||||ita|0103 ba 101 $aita 102 $aIT 200 1 $aLettere$fAbelardo ed Eloisa$ga cura di Nada Cappelletti Truci$gintroduzione di Cesare Vasoli 210 $aTorino$cEinaudi$d1979 215 $aLXXV, 412 p.$d18 cm 225 2 $aNuova universale Einaudi$v165 410 1$1001LAEC00015860$12001 $a*Nuova universale Einaudi$v165 700 1$aAbaelardus$b, Petrus$3A600200028656$4070$0156884 702 1$aCappelletti Truci, Nada$3A600200033016$4070 702 1$aVasoli, Cesare$3AF00013594$4070 801 0$aIT$bUNISOB$c20120928$gRICA 850 $aUNISOB 852 $aUNISOB$j000|Coll|37|K$m61975 912 $aSOBE00027649 940 $aM 102 Monografia moderna SBN 941 $aM 957 $a000|Coll|37|K$b000040$gSI$d61975$racquisto$1bethb$2UNISOB$3UNISOB$420120928104310.0$520120928104354.0$6bethb 996 $aLettere$9520360 997 $aUNISOB LEADER 01332nam0 22003131i 450 001 UON00025037 005 20231205102036.470 010 $a27-17-71559-2 100 $a20020107d1981 |0itac50 ba 101 $afre 102 $aFR 105 $a||||b ||||| 200 1 $aCatalogue des cachets, bulles et talismans islamiques$fpar Ludvik Kalus 210 $aParis$cBibliothèque Nationale$d1981 215 $aXIII, 109 p., 16 p. di tav.$d30 cm. 300 $aIn testa al front.: Bibliothèque Nationale, Départment des monnaies, médailles et antiques 606 $aSIGILLI$xMEDIO ORIENTE$xCOLLEZIONI E MUSEI$3UONC003794$2FI 606 $aSIGILLI$xISLAM$3UONC008435$2FI 606 $aTALISMANI$xISLAM$3UONC008436$2FI 620 $aFR$dParis$3UONL002984 686 $aARA IX M$cPAESI ARABI - ARTI - COLLEZIONI$2A 700 1$aKALUS$bLudvik$3UONV015431$0643009 712 $aBibliothèque Nationale (Paris)$3UONV247132$4650 801 $aIT$bSOL$c20240220$gRICA 899 $aSIBA - SISTEMA BIBLIOTECARIO DI ATENEO$2UONSI 912 $aUON00025037 950 $aSIBA - SISTEMA BIBLIOTECARIO DI ATENEO$dSI ARA IX M 015 $eSI SA 30676 7 015 $sBuono 996 $aCatalogue des cachets, bulles et talismans islamiques$91201588 997 $aUNIOR LEADER 02099nam0 22004573i 450 001 RAV0298998 005 20251003044329.0 010 $a8823001196 100 $a20130506d1993 ||||0itac50 ba 101 | $aita$cita 102 $ait 181 1$6z01$ai $bxxxe 182 1$6z01$an 183 1$6z01$anc$2RDAcarrier 200 1 $aGiuseppe Di Vittorio$eˆle ‰ragioni del sindacato nella costruzione della democrazia$fa cura di Pietro Neglie 210 $aRoma$cEdiesse$d[1993] 215 $a109 p.$d21 cm. 225 | $aStorie e testimonianze 410 0$1001CFI0022382$12001 $aStorie e testimonianze 500 11$aGiuseppe Di Vittorio$3TSA1769039$91270992 606 $aDi Vittorio, Giuseppe$2FIR$3PALC090708$9E 676 $a331.88092$9SINDACATI. PERSONE$v20 676 $a331.88092$9SINDACATI. Persone$v21 676 $a331.88092$9SINDACATI. Persone.$v22 676 $a331.88092$9SINDACATI. Persone$v23 686 $aIT/X430.1$cQUESTIONE MERIDIONALE ITALIA$2R 686 $aIT/X436.0$cLAVORO SINDACATI DEI LAVORATORI ITALIA$2R 686 $aIT/X436.8$cORGANIZZAZIONI SINDACALI ED ALTRE ITALIA$2R 686 $aX0.1/DI VITTORIO,GIUS$cBIOGRAFIE E SCRITTI SU GIUSEPPE DI VITTORIO$2R 686 $aX0.8/1993$cCONFERENZE CONGRESSI CONVEGNI (ATTI DI) 1993$2R 702 1$aNeglie$b, Pietro$3RAVV055363 801 3$aIT$bIT-000000$c20130506 850 $aIT-BN0095 $aIT-CE0060 $aIT-NA0581 $aIT-AV0045 901 $bNAP MV$cP $nSALA BIBLIOGRAFIA 901 $bNAP FC$cFONDO $n$ 901 $bNAP 01$cPOZZO LIB.$nVi sono collocati fondi di economia, periodici di ingegneria e scienze, periodici di economia e statistica e altri fondi comprendenti documenti di economia pervenuti in dono. 912 $aRAV0298998 950 0$aBiblioteca Centralizzata di Ateneo$c1 v.$d 01POZZO LIB.ECON MON 6940$e 0101 0700194635E VMA 1 v. (Precedente collocazione 19 EC 463)$fB $h20220725$i20220725 977 $a 01$a AS$a FC$a MV 996 $aGiuseppe Di Vittorio$91270992 997 $aUNISANNIO